| 000 | 00530nam a2200145 a 4500 | ||
|---|---|---|---|
| 001 | 000030259 | ||
| 005 | 20200930060157.0 | ||
| 008 | 110505s2010 dr abc 000 | spa d | ||
| 040 |
_aDO-SdBNP _bspa _cBNPHU |
||
| 082 |
_axxx _bE65f |
||
| 245 | 0 | 3 | _aLa era de Francia en Santo Domingo = [La periode Francaise a Saint Domingue (1795-1808)]. |
| 260 |
_a[Santo Domingo] : _bAcademia Dominicana de la Historia ; _bQuinta Dominica ; _bRépublique française, _c[2010?]. |
||
| 300 |
_a269 p. : _bil., mapas, retrs. ; _c21 cm. |
||
| 049 | _aBNPD | ||
| 999 |
_c29751 _d29751 |
||